000 00857nam a22002657a 4500
003 OSt
005 20260424161055.0
008 260424b |||||||| |||| 00| 0 eng d
020 _a978-93-49531-51-2
037 _cReference
040 _aFEDL
_beng
_cFEDL
041 _aeng
_heng
082 _a181.4 SHA/RR
100 _aSharma, Raj Kishore, Ed.
_91235179
245 _aBharatiya jnana pranali:
_bTimeless systems of knowledge and wisdom/
_cedited by Raj Kishore Sharma; Meenakshi Sharma.
260 _aNew Delhi
_bKitabwale
_c2025
300 _a75p.
365 _aINR
_b230.00
490 _vV.18
650 _aPHILOSOPH OF INDIA
_91235510
650 _aBHARAT BOUDHIKS COLLECTION
_91235707
700 _aSharma, Meenakshi, Ed.
_91235240
942 _2ddc
_cREF
_h181.4 SHA/RR
_n0
999 _c1848543
_d1848543